Words and deeds (Record no. 187142)
[ view plain ]
| 000 -LEADER | |
|---|---|
| fixed length control field | 00869 a2200169 4500 |
| 003 - CONTROL NUMBER IDENTIFIER | |
| control field | Nust |
| 005 - DATE AND TIME OF LATEST TRANSACTION | |
| control field | 20170207153457.0 |
| 040 ## - CATALOGING SOURCE | |
| Transcribing agency | Nust |
| 082 ## - DEWEY DECIMAL CLASSIFICATION NUMBER | |
| Classification number | 920 |
| 100 ## - MAIN ENTRY--PERSONAL NAME | |
| Personal name | Nevinson .H.W |
| 245 ## - TITLE STATEMENT | |
| Title | Words and deeds |
| Statement of responsibility, etc. | H. W. Nevinson |
| 260 ## - PUBLICATION, DISTRIBUTION, ETC. | |
| Place of publication, distribution, etc. | UsA |
| Name of publisher, distributor, etc. | Penguin Books |
| 300 ## - PHYSICAL DESCRIPTION | |
| Extent | 160:p |
| 505 ## - FORMATTED CONTENTS NOTE | |
| Formatted contents note | How Many Miles To Babylon (Page-13), The Catfish (Page-22), The Poet Of Freedom (Page-27), Not Without Honour (Page-37), The Gadely Of Freedom (Page-44), Deeds Not Words (Page-62), Greeks (Page-68), Farewell To Fleet Street (Page-77), Southward Bound (Page-83), At Sea (Page-85), In Central Africa (Page-86), Daily Self-Surpast (Page-87), Home Sweet Home (Page-102), A Challengeful Night (Page-104), A Vigil (Page-109), On The Blue Danube (Page-115), The Holy Spirit (Page-129), Judgment’s Dilemma (Page-145). |
| 538 ## - SYSTEM DETAILS NOTE | |
| System details note | Almirah No.60 Shelf No.4 |
| 650 ## - SUBJECT ADDED ENTRY--TOPICAL TERM | |
| Topical term or geographic name entry element | Biography |
| 942 ## - ADDED ENTRY ELEMENTS (KOHA) | |
| Source of classification or shelving scheme | |
| Koha item type | Book |
| Withdrawn status | Lost status | Source of classification or shelving scheme | Damaged status | Not for loan | Collection code | Permanent Location | Current Location | Date acquired | Total Checkouts | Full call number | Barcode | Date last seen | Price effective from | Koha item type |
|---|---|---|---|---|---|---|---|---|---|---|---|---|---|---|
| Military College of Signals (MCS) | Military College of Signals (MCS) | 12/12/2016 | 920 NEV | MCS29874 | 12/08/2016 | 12/12/2016 | Book |
